[Event "World Rapid Women 2019"]
[Site "Moscow RUS"]
[Date "2019.12.26"]
[Round "3.58"]
[White "Antonova, Nadezhda"]
[Black "Nebolsina, Vera"]
[Result "0-1"]
[WhiteTitle "WFM"]
[BlackTitle "WGM"]
[WhiteElo "1913"]
[BlackElo "2240"]
[WhiteFideId "14700182"]
[BlackFideId "4163591"]
[EventDate "2019.12.26"]
[EventType "rapid"]

1. Nf3 Nf6 2. g3 g6 3. b3 Bg7 4. Bb2 d6 5. d4 Nbd7 6. Bg2 O-O 7. O-O Re8 8. Re1
e5 9. e4 exd4 10. Nxd4 Nc5 11. Nc3 a5 12. Qd2 a4 13. Rad1 axb3 14. axb3 Bd7 15.
h3 Qc8 16. Kh2 h5 17. f4 h4 18. g4 Bxg4 19. hxg4 Qxg4 20. Bf3 Qg3+ 21. Kh1 Ne6
22. Rg1 Qh3+ 23. Qh2 Qxh2+ 24. Kxh2 Nxd4 25. Rxd4 Ng4+ 26. Rxg4 Bxd4 27. Rxh4 c6
28. Kg3 b5 29. Rh2 Kg7 30. Rd2 c5 31. e5 Rad8 32. Bc6 b4 33. Nd1 Bxb2 34. Nxb2
dxe5 35. Rxd8 Rxd8 36. fxe5 Rd2 37. Be4 Rd4 38. Kf3 g5 39. Bf5 Rf4+ 40. Ke3 Rxf5
41. Nd3 g4 42. Ke4 g3 43. Kxf5 g2 44. Nf4 g1=Q 45. Nh5+ Kf8 0-1

[Event "World Rapid Women 2019"]
[Site "Moscow RUS"]
[Date "2019.12.26"]
[Round "3.59"]
[White "Ovezdurdiyeva, Jemal"]
[Black "Gvanceladze, Anna"]
[Result "1-0"]
[WhiteTitle "WFM"]
[BlackTitle "WFM"]
[WhiteElo "2061"]
[BlackElo "2270"]
[WhiteFideId "14001888"]
[BlackFideId "4113721"]
[EventDate "2019.12.26"]
[EventType "rapid"]

1. d4 d5 2. c4 c6 3. Nf3 Nf6 4. e3 g6 5. Bd3 Bg7 6. Nbd2 O-O 7. O-O Bg4 8. Qc2
Nbd7 9. b3 a5 10. a4 Bxf3 11. Nxf3 e6 12. Bb2 Re8 13. Bc3 Qc7 14. Qb2 Ne4 15.
Bxe4 dxe4 16. Nd2 f5 17. b4 axb4 18. Qxb4 Nf6 19. Rfb1 Re7 20. a5 Ng4 21. g3 h5
22. Qb6 Qd7 23. Nb3 h4 24. Nc5 Qe8 25. h3 Nxe3 26. fxe3 hxg3 27. Nxb7 g5 28. Bb4
Qh5 29. Bxe7 Qe2 30. Qb2 Qxe3+ 31. Kh1 Bxd4 32. Ra3 g2+ 33. Kxg2 Qf3+ 34. Rxf3
exf3+ 35. Kxf3 Bxb2 36. Rxb2 g4+ 37. hxg4 fxg4+ 38. Kxg4 Kf7 39. Bd6 Kf6 40.
Rf2+ Kg6 41. Rf8 Ra7 42. Rb8 Kf6 43. Bc5 Ra6 44. Bb6 1-0

[Event "World Rapid Women 2019"]
[Site "Moscow RUS"]
[Date "2019.12.26"]
[Round "3.60"]
[White "Gevorgyan, Maria"]
[Black "Diakonova, Ekaterina"]
[Result "1-0"]
[WhiteTitle "WGM"]
[WhiteElo "2255"]
[BlackElo "2218"]
[WhiteFideId "13300270"]
[BlackFideId "24172936"]
[EventDate "2019.12.26"]
[EventType "rapid"]

1. e4 c6 2. d4 d5 3. e5 Bf5 4. h4 h5 5. c4 e6 6. Nc3 Ne7 7. Bg5 Nd7 8. Nge2 Qb6
9. Qd2 dxc4 10. Ng3 Bd3 11. Bxd3 cxd3 12. Qxd3 O-O-O 13. Qc4 f6 14. exf6 gxf6
15. Be3 Nd5 16. Bd2 Qc7 17. O-O-O Bd6 18. Nge4 Bf4 19. g3 Bxd2+ 20. Rxd2 N7b6
21. Qe2 Rde8 22. Kb1 e5 23. Qf3 exd4 24. Rxd4 Qe5 25. Rhd1 Rhg8 26. a3 Rg4 27.
Qd3 f5 28. Nxd5 Nxd5 29. Nc5 Rxd4 30. Qxd4 Qxd4 31. Rxd4 Re2 32. Nd3 Kc7 33. Kc1
a5 34. Kd1 Re4 35. Rxe4 fxe4 36. Nc5 Nf6 37. Ke2 b6 38. Na4 Nd5 39. f3 exf3+ 40.
Kxf3 b5 41. Nc5 a4 42. Ne4 c5 43. Nxc5 Kd6 44. Nd3 Nf6 45. Kf4 Kd5 46. Kf5 Ng4
47. Nf4+ Kc4 48. Nxh5 Ne3+ 49. Ke4 Ng2 50. Nf4 Ne1 51. h5 Kb3 52. h6 1-0

[Event "World Rapid Women 2019"]
[Site "Moscow RUS"]
[Date "2019.12.26"]
[Round "4.1"]
[White "Girya, Olga"]
[Black "Dzagnidze, Nana"]
[Result "1-0"]
[WhiteTitle "WGM"]
[BlackTitle "GM"]
[WhiteElo "2488"]
[BlackElo "2520"]
[WhiteFideId "4195752"]
[BlackFideId "13601903"]
[EventDate "2019.12.26"]
[EventType "rapid"]

1. d4 Nf6 2. c4 e6 3. Nf3 d5 4. Nc3 Bb4 5. cxd5 exd5 6. Bf4 Ne4 7. Rc1 Nc6 8.
Nd2 Nxc3 9. bxc3 Bd6 10. Bxd6 Qxd6 11. e3 O-O 12. Bd3 Ne7 13. Qc2 g6 14. O-O c5
15. dxc5 Qxc5 16. Nb3 Qa3 17. Nd4 Bd7 18. Qb1 b6 19. h4 Rac8 20. Qb4 Qxb4 21.
cxb4 Rxc1 22. Rxc1 Rc8 23. Rxc8+ Bxc8 24. Kf1 Kg7 25. Ke2 Bd7 26. Kd2 Kf6 27. f4
Nc6 28. Kc3 Ke7 29. Nxc6+ Bxc6 30. g4 h6 31. Kd4 Kd6 32. g5 hxg5 33. hxg5 Bd7
34. Be2 Ba4 35. Bf3 Bc6 36. Bd1 a5 37. bxa5 bxa5 38. a3 a4 39. Be2 Bd7 40. Bd3
Be8 41. Bb1 Bd7 42. Bd3 Be8 43. Ba6 Bc6 44. Bc8 Ba8 45. Bh3 Bb7 46. Bg2 Bc6 47.
Bf3 Bb7 48. Bg4 Ba6 49. f5 gxf5 50. Bxf5 Bb5 51. Bg4 Bc6 52. Bf3 Bb7 53. Bh5 Ke6
54. Kc5 f6 55. g6 1-0

[Event "World Rapid Women 2019"]
[Site "Moscow RUS"]
[Date "2019.12.26"]
[Round "4.2"]
[White "Goltseva, Ekaterina"]
[Black "Arabidze, Meri"]
[Result "0-1"]
[WhiteTitle "FM"]
[BlackTitle "IM"]
[WhiteElo "2297"]
[BlackElo "2435"]
[WhiteFideId "24173770"]
[BlackFideId "13604040"]
[EventDate "2019.12.26"]
[EventType "rapid"]

1. d4 d5 2. c4 e6 3. Nc3 Nf6 4. cxd5 exd5 5. Bg5 c6 6. e3 Be7 7. Qc2 Nbd7 8. Bd3
O-O 9. Nge2 Re8 10. O-O Nf8 11. f3 h6 12. Bh4 Ne6 13. Rad1 Bd7 14. h3 Rc8 15. e4
Nh5 16. Bxe7 Qxe7 17. Qd2 dxe4 18. fxe4 c5 19. Bb1 cxd4 20. Nxd4 Nxd4 21. Qxd4
Bxh3 22. gxh3 Qg5+ 23. Kh1 Ng3+ 24. Kh2 Nxf1+ 25. Rxf1 Rcd8 26. Nd5 Qe5+ 27.
Qxe5 Rxe5 28. Kg3 f5 29. Kf4 Ree8 30. Rg1 Rf8 31. Ne7+ Kf7 32. Nxf5 g6 33. Ne3
Rd2 34. Nc4 Kg7+ 35. Ke3 Rh2 36. Rg3 b5 37. Ne5 g5 38. Nd3 Rf1 39. e5 Rxb1 40.
Rf3 Rbh1 41. Rf6 Rxh3+ 42. Ke4 Rh4+ 43. Ke3 R1h3+ 44. Ke2 Re4+ 45. Kd2 Rd4 0-1

[Event "World Rapid Women 2019"]
[Site "Moscow RUS"]
[Date "2019.12.26"]
[Round "4.3"]
[White "Bulmaga, Irina"]
[Black "Munguntuul, Batkhuyag"]
[Result "1-0"]
[WhiteTitle "IM"]
[BlackTitle "IM"]
[WhiteElo "2434"]
[BlackElo "2430"]
[WhiteFideId "13903063"]
[BlackFideId "4900758"]
[EventDate "2019.12.26"]
[EventType "rapid"]

1. e4 c5 2. Be2 Nc6 3. f4 g6 4. Nf3 Bg7 5. O-O e6 6. c3 d5 7. e5 d4 8. cxd4 Nxd4
9. Nc3 Ne7 10. Nxd4 Qxd4+ 11. Kh1 a6 12. Qa4+ Bd7 13. Qxd4 cxd4 14. Ne4 O-O 15.
b3 Bc6 16. Bd3 Rfd8 17. Ba3 Nd5 18. Rac1 Bh6 19. g3 Bf8 20. Bxf8 Kxf8 21. a3 f5
22. exf6 Nxf6 23. Rfe1 Kf7 24. Kg1 Nxe4 25. Bxe4 Rac8 26. Kf2 Ke7 27. Bxc6 Rxc6
28. Rxc6 bxc6 29. Re5 Rb8 30. b4 Rb5 31. Rxb5 axb5 32. Kf3 Kd6 33. Ke4 c5 34.
bxc5+ Kxc5 35. d3 h6 36. h3 h5 37. g4 hxg4 38. hxg4 b4 39. axb4+ Kxb4 40. Kxd4
Kb3 41. Ke5 Kc3 42. Kxe6 Kxd3 43. f5 1-0

[Event "World Rapid Women 2019"]
[Site "Moscow RUS"]
[Date "2019.12.26"]
[Round "4.4"]
[White "Tan, Zhongyi"]
[Black "Dordzhieva, Dinara"]
[Result "1-0"]
[WhiteTitle "GM"]
[BlackTitle "WIM"]
[WhiteElo "2502"]
[BlackElo "2314"]
[WhiteFideId "8603642"]
[BlackFideId "24157570"]
[EventDate "2019.12.26"]
[EventType "rapid"]

1. d4 Nf6 2. c4 e6 3. Nc3 Bb4 4. Nf3 O-O 5. Bg5 c5 6. d5 exd5 7. cxd5 d6 8. a3
Ba5 9. e3 Nbd7 10. Bc4 h6 11. Bh4 a6 12. a4 Rb8 13. O-O Nb6 14. Bb3 Bf5 15. Bc2
Bxc2 16. Qxc2 Bxc3 17. bxc3 Nbxd5 18. Rfd1 Qe8 19. e4 Nf4 20. Bxf6 gxf6 21. Rxd6
Qe7 22. Rad1 Rfd8 23. R6d2 Rxd2 24. Qxd2 Qxe4 25. Re1 Qf5 26. Qd6 Rc8 27. Nh4
Qg5 28. g3 Ng6 29. Qd7 Rf8 30. Nf3 Qh5 31. Qxb7 Qg4 32. Nd2 Kg7 33. Qxa6 Ne5 34.
f4 Ng6 35. Qe2 Qxe2 36. Rxe2 Ra8 37. Re4 Nf8 38. Nb3 Ne6 39. f5 Ng5 40. Rc4 Nf3+
41. Kg2 Ne5 42. Rxc5 Rxa4 43. Nd4 Ra2+ 44. Kg1 h5 45. Rc7 Rd2 46. h3 Rb2 47. Kf1
Rh2 48. Ne6+ Kh6 49. Nf4 Rd2 50. h4 Nf3 51. Ne2 Nh2+ 52. Kf2 Ng4+ 53. Ke1 Rd5
54. Nd4 Ne5 55. Ke2 Ra5 56. Ke3 Ra2 57. Nf3 Ng4+ 58. Ke4 Re2+ 59. Kd5 Re3 60.
Nd4 Rxg3 61. c4 Ne3+ 62. Ke4 Nd1 63. Nb5 Rg4+ 64. Kf3 Nb2 65. Nd6 Rxh4 66. Nxf7+
Kg7 67. c5 Kf8 68. Nd6 Nc4 69. Rf7+ Kg8 70. Rxf6 Ne5+ 71. Ke2 Rh2+ 72. Kd1 Nd3
73. c6 Rf2 74. c7 Nb2+ 75. Kc1 Nd3+ 76. Kb1 1-0

[Event "World Rapid Women 2019"]
[Site "Moscow RUS"]
[Date "2019.12.26"]
[Round "4.5"]
[White "Charochkina, Daria"]
[Black "Lagno, Kateryna"]
[Result "1-0"]
[WhiteTitle "IM"]
[BlackTitle "GM"]
[WhiteElo "2355"]
[BlackElo "2547"]
[WhiteFideId "4180917"]
[BlackFideId "14109336"]
[EventDate "2019.12.26"]
[EventType "rapid"]

1. d4 Nf6 2. c4 g6 3. Nc3 d5 4. cxd5 Nxd5 5. g3 Bg7 6. Bg2 Nb6 7. Nf3 O-O 8. O-O
Nc6 9. e3 Re8 10. a3 Rb8 11. Nd2 e5 12. d5 Na5 13. Qe2 e4 14. Qb5 Bxc3 15. bxc3
Nxd5 16. Qxa5 b6 17. Qa4 Nxc3 18. Qc4 Qf6 19. Bb2 Ne2+ 20. Qxe2 Qxb2 21. Rfb1
Qc2 22. Rc1 Qb2 23. Rab1 Qxa3 24. Nxe4 Re6 25. Rxc7 Bb7 26. Ng5 Re7 27. Rxb7
Rbxb7 28. Bxb7 Rxb7 29. Qc4 Qe7 30. Rc1 Rd7 31. h4 h6 32. Ne4 Rd8 33. Qc6 Qe5
34. Nf6+ Kg7 35. Nd7 Qb2 36. Rd1 b5 37. Rd4 Qb1+ 38. Kg2 Qf5 39. Qc7 Re8 40. Qc3
f6 41. Nxf6 Rc8 42. Qa1 Kxf6 43. Rf4+ Ke6 44. Qa6+ Kd7 45. Rxf5 gxf5 46. Qxb5+
Rc6 47. Qxf5+ Kc7 48. Qa5+ Kb7 49. f4 1-0

[Event "World Rapid Women 2019"]
[Site "Moscow RUS"]
[Date "2019.12.26"]
[Round "4.6"]
[White "Abdumalik, Zhansaya"]
[Black "Galliamova, Alisa"]
[Result "1/2-1/2"]
[WhiteTitle "IM"]
[BlackTitle "IM"]
[WhiteElo "2465"]
[BlackElo "2438"]
[WhiteFideId "13703544"]
[BlackFideId "4129725"]
[EventDate "2019.12.26"]
[EventType "rapid"]

1. e4 e5 2. Nf3 Nc6 3. Bb5 g6 4. c3 a6 5. Bxc6 dxc6 6. d4 exd4 7. cxd4 Bg7 8. h3
Ne7 9. Nc3 Qd6 10. O-O O-O 11. e5 Qd8 12. Ne4 Bf5 13. Qe2 Bxe4 14. Qxe4 Qd5 15.
Qxd5 cxd5 16. Bd2 Nc6 17. Rfe1 f6 18. Rac1 Rae8 19. e6 Re7 20. Rc5 Rd8 21. Bf4
g5 22. Bh2 f5 23. Nxg5 Bxd4 24. Rc2 Bf6 25. Nf7 Rde8 26. Nh6+ Kf8 27. Nxf5 Rxe6
28. Rxe6 Rxe6 29. Bxc7 Nb4 30. Rd2 Nxa2 31. Bd6+ Kf7 32. Bg3 Rb6 33. Rxd5 Rxb2
34. Nh6+ Ke8 35. Ng4 Be7 36. Rh5 Nc3 37. Be5 Rb1+ 38. Kh2 Nd5 39. Rxh7 a5 40. f4
a4 41. f5 Re1 42. f6 Rxe5 43. Rh8+ Kf7 44. Nxe5+ Kxf6 45. Nd3 a3 46. Ra8 b5 47.
g4 b4 48. Ra6+ Kg7 49. Nc1 Nc3 50. Kg3 Ne4+ 51. Kf4 Nc5 52. Ra7 Kf8 53. Kf5 b3
54. Ne2 b2 55. Nc3 Nb3 56. Nb1 Bb4 57. Rxa3 Bxa3 58. Nxa3 Nd2 59. g5 b1=Q+ 60.
Nxb1 Nxb1 61. h4 Kg7 62. h5 Nd2 63. Kf4 Nc4 64. Ke4 Nd6+ 65. Ke5 Nf7+ 66. Kf5
Nd6+ 67. Ke6 Ne4 68. g6 Ng3 69. h6+ 1/2-1/2

[Event "World Rapid Women 2019"]
[Site "Moscow RUS"]
[Date "2019.12.26"]
[Round "4.7"]
[White "Stefanova, Antoaneta"]
[Black "Kashlinskaya, Alina"]
[Result "0-1"]
[WhiteTitle "GM"]
[BlackTitle "IM"]
[WhiteElo "2476"]
[BlackElo "2484"]
[WhiteFideId "2902257"]
[BlackFideId "4198026"]
[EventDate "2019.12.26"]
[EventType "rapid"]

1. Nf3 Nf6 2. g3 g6 3. Bg2 Bg7 4. O-O c5 5. c4 O-O 6. d4 cxd4 7. Nxd4 d5 8. cxd5
Nxd5 9. Nb5 Be6 10. N1c3 Nxc3 11. Nxc3 Nc6 12. Qa4 Qb6 13. Qa3 Bd4 14. Bh6 Rfd8
15. Rab1 Rac8 16. e3 Bh8 17. Rfd1 Nb4 18. Qa4 Bf5 19. e4 Bg4 20. Rxd8+ Rxd8 21.
Be3 Bd4 22. Bxd4 Rxd4 23. Qe8+ Kg7 24. Qxe7 Nd3 25. Rf1 Qxb2 26. Nd5 Rxd5 27.
exd5 Be2 28. Qe3 Bxf1 29. Bxf1 Ne5 30. d6 Qd4 31. Qxd4 0-1

[Event "World Rapid Women 2019"]
[Site "Moscow RUS"]
[Date "2019.12.26"]
[Round "4.8"]
[White "Nurgali, Nazerke"]
[Black "Saduakassova, Dinara"]
[Result "1-0"]
[WhiteTitle "WFM"]
[BlackTitle "IM"]
[WhiteElo "2336"]
[BlackElo "2505"]
[WhiteFideId "13711261"]
[BlackFideId "13700090"]
[EventDate "2019.12.26"]
[EventType "rapid"]

1. d4 Nf6 2. c4 e6 3. g3 d5 4. Nf3 dxc4 5. Bg2 Bb4+ 6. Bd2 a5 7. Qc2 Bxd2+ 8.
Nbxd2 b5 9. O-O O-O 10. a4 c6 11. b3 cxb3 12. Nxb3 b4 13. e4 Ba6 14. Rfc1 Nfd7
15. Nfd2 e5 16. d5 cxd5 17. exd5 Ra7 18. Ne4 h6 19. Qd2 Nb6 20. Qe3 Rd7 21. Nec5
Nxd5 22. Qxe5 Re8 23. Qf5 Rd6 24. Ne4 g6 25. Qf3 Rxe4 26. Qxe4 Nc3 27. Qg4 h5
28. Qh4 Qxh4 29. gxh4 Ne2+ 30. Kh1 Nxc1 31. Rxc1 Nd7 32. Nxa5 Be2 33. Nb7 Rd1+
34. Rxd1 Bxd1 35. Nd6 b3 36. Nc4 Nc5 37. Nb2 Be2 38. Bd5 Kf8 39. Kg2 Ke7 40. f3
f6 41. Kf2 Ba6 42. Ke3 Kd6 43. Bf7 g5 44. hxg5 fxg5 45. Bxh5 Ke5 46. Bf7 Bb7 47.
Bc4 Bc6 48. a5 Bb7 49. Nd3+ Nxd3 50. Kxd3 b2 51. Kc2 Bxf3 52. Kxb2 Kd4 53. Be6
Kc5 54. Bc8 Kb5 55. a6 Kb6 56. Kc3 Kc7 57. Bf5 Kb6 58. Bd3 Kc5 59. Bf1 Bd5 60.
Be2 Be4 61. Kd2 Kb6 62. Ke3 Bf5 63. Kd4 Bc8 64. Ke5 Ka7 65. Kf6 g4 66. Kg5 Kb6
67. Bxg4 Bxa6 68. h4 Kc7 69. Kg6 Kd6 70. h5 Bd3+ 71. Kg7 Ke5 72. h6 Kf4 73. Bh5
Kg5 74. Bf7 Bc2 75. Bg8 Bg6 76. Bh7 Bf7 77. Bd3 Bg8 78. Bg6 1-0

[Event "World Rapid Women 2019"]
[Site "Moscow RUS"]
[Date "2019.12.26"]
[Round "4.9"]
[White "Kovalevskaya, Ekaterina"]
[Black "Koneru, Humpy"]
[Result "0-1"]
[WhiteTitle "IM"]
[BlackTitle "GM"]
[WhiteElo "2407"]
[BlackElo "2574"]
[WhiteFideId "4116704"]
[BlackFideId "5008123"]
[EventDate "2019.12.26"]
[EventType "rapid"]

1. Nf3 Nf6 2. g3 d5 3. Bg2 e6 4. O-O Be7 5. c4 d4 6. d3 c5 7. b4 cxb4 8. a3 O-O
9. axb4 Bxb4 10. e3 Nc6 11. exd4 Nxd4 12. Nxd4 Qxd4 13. Ra4 a5 14. Be3 Qd6 15.
Ra2 e5 16. Qc1 Qxd3 17. Rd1 Qg6 18. Nc3 Bg4 19. f3 Be6 20. Nd5 Bxd5 21. cxd5
Rac8 22. Qb2 Rc3 23. Bf2 Rd3 24. Raa1 Rxd5 25. Rxd5 Nxd5 26. Rd1 Nc3 27. Re1 Na4
28. Qc1 0-1

[Event "World Rapid Women 2019"]
[Site "Moscow RUS"]
[Date "2019.12.26"]
[Round "4.10"]
[White "Harika, Dronavalli"]
[Black "Sgircea, Silvia-Raluca"]
[Result "1-0"]
[WhiteTitle "GM"]
[BlackTitle "WIM"]
[WhiteElo "2518"]
[BlackElo "2271"]
[WhiteFideId "5015197"]
[BlackFideId "1213776"]
[EventDate "2019.12.26"]
[EventType "rapid"]

1. d4 d5 2. Nf3 Nf6 3. c4 dxc4 4. Qa4+ Nfd7 5. Nc3 Nc6 6. Qxc4 Nb6 7. Qd3 Be6 8.
e4 Bc4 9. Qd1 Bxf1 10. Kxf1 e6 11. g3 Be7 12. h4 Qd7 13. Bf4 Rd8 14. Qe2 Nxd4
15. Nxd4 Qxd4 16. Nb5 Qc4 17. Nxc7+ Kf8 18. b3 Qxe2+ 19. Kxe2 Bc5 20. Rac1 Ba3
21. Rc2 Rc8 22. Rb1 Bb4 23. a3 Be7 24. a4 Rd8 25. Nb5 a6 26. Bc7 Ra8 27. Bxb6
axb5 28. axb5 Bd6 29. Rd1 Ke7 30. Bc7 Bb4 31. Rd4 Ba5 32. Bxa5 Rxa5 33. Rc7+ Kf6
34. Rxb7 Rc8 35. Rdd7 Ra2+ 36. Ke3 Rc3+ 37. Kd4 1-0

[Event "World Rapid Women 2019"]
[Site "Moscow RUS"]
[Date "2019.12.26"]
[Round "4.12"]
[White "Ambartsumova, Karina"]
[Black "Muzychuk, Anna"]
[Result "0-1"]
[WhiteTitle "IM"]
[BlackTitle "GM"]
[WhiteElo "2341"]
[BlackElo "2537"]
[WhiteFideId "4166299"]
[BlackFideId "14111330"]
[EventDate "2019.12.26"]
[EventType "rapid"]

1. Nf3 f5 2. g3 Nf6 3. Bg2 g6 4. O-O Bg7 5. d4 O-O 6. b3 d6 7. Bb2 c6 8. c4 Qc7
9. Nbd2 Re8 10. Qc2 e5 11. dxe5 dxe5 12. e4 Na6 13. Nh4 f4 14. Nhf3 Bg4 15. h3
Bxf3 16. Nxf3 fxg3 17. fxg3 Nb4 18. Qe2 c5 19. Kh2 Nc6 20. Rae1 Rad8 21. Nd2 Qa5
22. Nb1 Qxa2 23. Nc3 Qxb3 24. Nd5 Nxd5 25. exd5 Na5 26. Rc1 b6 27. h4 Qa4 28.
Be4 Rd6 29. Kg2 Qd7 30. Qd3 Qg4 31. Rce1 Bf6 32. Kh2 Nb7 33. Rf2 Bg7 34. Ref1
Rdd8 35. Bf3 Qd7 36. Qe2 Nd6 37. Bg4 Qa4 38. Rc1 Re7 39. Rc2 Qe8 40. Bc1 Nf7 41.
Be6 Rxe6 42. dxe6 Qxe6 43. Rd2 Rxd2 44. Bxd2 Nd6 45. Qd3 h6 46. Re2 Qxc4 47.
Qxc4+ Nxc4 48. Bc1 Kf7 49. Kg2 Ke6 50. g4 a5 51. h5 g5 52. Re1 b5 53. Rd1 Bf6
54. Kf3 a4 55. Ke2 e4 0-1

[Event "World Rapid Women 2019"]
[Site "Moscow RUS"]
[Date "2019.12.26"]
[Round "4.13"]
[White "Muzychuk, Mariya"]
[Black "Badelka, Olga"]
[Result "1/2-1/2"]
[WhiteTitle "GM"]
[BlackTitle "IM"]
[WhiteElo "2559"]
[BlackElo "2399"]
[WhiteFideId "14114550"]
[BlackFideId "13509926"]
[EventDate "2019.12.26"]
[EventType "rapid"]

1. e4 c5 2. Nf3 Nc6 3. Bb5 e6 4. O-O Nge7 5. Re1 Nd4 6. Nxd4 cxd4 7. c3 Nc6 8.
d3 Bc5 9. b4 Be7 10. Bb2 dxc3 11. Bxc3 O-O 12. Qg4 f6 13. Bxc6 dxc6 14. Qg3 e5
15. Nd2 Be6 16. Nc4 b5 17. Na5 Qb6 18. Nb3 Rfd8 19. Red1 Rd7 20. Rd2 Rad8 21.
Rad1 Bxb3 22. axb3 c5 23. bxc5 Bxc5 24. h4 a5 25. h5 h6 26. Ra1 b4 27. Bb2 Bd4
28. Bxd4 Rxd4 29. Rc1 R4d7 30. Qg6 Rc7 31. Rdc2 Rxc2 32. Rxc2 a4 33. bxa4 b3 34.
Rb2 Rxd3 35. Qe8+ Kh7 36. Qg6+ Kg8 37. Qe8+ Kh7 1/2-1/2

[Event "World Rapid Women 2019"]
[Site "Moscow RUS"]
[Date "2019.12.26"]
[Round "4.14"]
[White "Mkrtchian, Lilit"]
[Black "Lei, Tingjie"]
[Result "0-1"]
[WhiteTitle "IM"]
[BlackTitle "GM"]
[WhiteElo "2395"]
[BlackElo "2483"]
[WhiteFideId "13300601"]
[BlackFideId "8605114"]
[EventDate "2019.12.26"]
[EventType "rapid"]

1. c4 c5 2. g3 g6 3. Bg2 Bg7 4. Nc3 Nc6 5. d3 d6 6. Qd2 e6 7. b3 Nge7 8. Bb2 b6
9. e3 O-O 10. Ne4 e5 11. Nc3 Be6 12. Nd5 Rc8 13. h4 h5 14. Ne2 Qd7 15. Nec3 Nf5
16. Ne4 f6 17. a3 Nce7 18. Nec3 Nh6 19. Nxe7+ Qxe7 20. Nd5 Qd7 21. d4 cxd4 22.
exd4 Nf5 23. dxe5 dxe5 24. a4 Rfd8 25. O-O Kh7 26. Rfd1 Qf7 27. Qe1 Nd4 28. Bxd4
exd4 29. Qd2 f5 30. Re1 Rc5 31. Nf4 Re5 32. Nd3 Rxe1+ 33. Rxe1 Bf6 34. Qe2 Re8
35. Bd5 Bxd5 36. Qxe8 Qxe8 37. Rxe8 Be4 38. Nf4 d3 39. Kf1 Bc3 40. Rd8 d2 41.
Ke2 Bc2 42. Rd7+ Kh6 43. Rd6 Bxb3 44. Rxg6+ Kh7 45. Rd6 Bxc4+ 46. Kd1 Bb3+ 47.
Ke2 Bxa4 48. Nxh5 d1=Q+ 49. Rxd1 Bxd1+ 50. Kxd1 Be5 51. f4 Bd4 52. g4 fxg4 53.
Ng3 a5 54. h5 a4 55. Kc2 Bf2 56. Nf5 g3 57. Nh4 Kh6 58. f5 Kxh5 0-1

[Event "World Rapid Women 2019"]
[Site "Moscow RUS"]
[Date "2019.12.26"]
[Round "4.15"]
[White "Zhukova, Natalia"]
[Black "Pogonina, Natalija"]
[Result "0-1"]
[WhiteTitle "GM"]
[BlackTitle "WGM"]
[WhiteElo "2324"]
[BlackElo "2479"]
[WhiteFideId "14101513"]
[BlackFideId "4147855"]
[EventDate "2019.12.26"]
[EventType "rapid"]

1. c4 e6 2. Nf3 d5 3. e3 Nf6 4. Nc3 b6 5. cxd5 exd5 6. d4 Bd6 7. Bb5+ c6 8. Bd3
O-O 9. b3 Bg4 10. Bb2 Nbd7 11. Qc2 Re8 12. h3 Bh5 13. g4 Bg6 14. Bf5 Bxf5 15.
gxf5 b5 16. Ne2 Rc8 17. Nc1 Ne4 18. Nd3 Qf6 19. Nfe5 Qxf5 20. Nxd7 Qxd7 21. Nc5
Nxc5 22. dxc5 Be5 23. O-O-O Bxb2+ 24. Kxb2 Re5 25. Rd4 Rce8 26. h4 h5 27. Rg1
Qe7 28. Qc3 g6 29. a4 a6 30. Ka2 Re4 31. Rg2 0-1

[Event "World Rapid Women 2019"]
[Site "Moscow RUS"]
[Date "2019.12.26"]
[Round "4.16"]
[White "Ushenina, Anna"]
[Black "Danielian, Elina"]
[Result "1/2-1/2"]
[WhiteTitle "GM"]
[BlackTitle "GM"]
[WhiteElo "2416"]
[BlackElo "2399"]
[WhiteFideId "14110911"]
[BlackFideId "13300210"]
[EventDate "2019.12.26"]
[EventType "rapid"]

1. d4 Nf6 2. Nf3 e6 3. Bf4 c5 4. e3 b6 5. Nbd2 cxd4 6. exd4 Be7 7. h3 Bb7 8. Bd3
O-O 9. O-O a6 10. a4 d6 11. c3 Nbd7 12. Qe2 Re8 13. Bh2 Bf8 14. Nc4 Qc7 15. Rfe1
Qc6 16. Ne3 h6 17. c4 Qc8 18. Rad1 Bc6 19. b3 Qb7 20. Nd2 d5 21. cxd5 Nxd5 22.
Nxd5 Bxd5 23. Rc1 Rec8 24. f3 Bb4 25. Bf4 Nf6 26. Be5 Nd7 27. Bf4 Nf6 28. Be5
Nd7 29. Bf4 Nf6 1/2-1/2

[Event "World Rapid Women 2019"]
[Site "Moscow RUS"]
[Date "2019.12.26"]
[Round "4.17"]
[White "Assaubayeva, Bibisara"]
[Black "Khademalsharieh, Sarasadat"]
[Result "1/2-1/2"]
[WhiteTitle "FM"]
[BlackTitle "IM"]
[WhiteElo "2375"]
[BlackElo "2487"]
[WhiteFideId "13708694"]
[BlackFideId "12512214"]
[EventDate "2019.12.26"]
[EventType "rapid"]

1. d4 d5 2. c4 e6 3. Nc3 a6 4. c5 b6 5. cxb6 cxb6 6. Nf3 Nf6 7. Bg5 Be7 8. e3
Bb7 9. Bd3 Nbd7 10. a4 Rc8 11. O-O h6 12. Bh4 O-O 13. Qe2 Ne4 14. Bxe7 Qxe7 15.
Rfc1 a5 16. Nb5 Nd6 17. h3 Rfd8 18. Qe1 Qf8 19. Na7 Rxc1 20. Rxc1 Ra8 21. Nb5
Ba6 22. Qe2 Bxb5 23. Bxb5 Rc8 24. Qe1 Nxb5 25. axb5 Nb8 26. Ne5 Qe8 27. Rc3 f6
28. Ng6 Rxc3 29. Qxc3 Qxg6 30. Qc8+ Kh7 31. Qxb8 Qb1+ 32. Kh2 Qxb2 33. Qxb6 a4
34. Qa6 a3 35. b6 a2 36. b7 1/2-1/2

[Event "World Rapid Women 2019"]
[Site "Moscow RUS"]
[Date "2019.12.26"]
[Round "4.19"]
[White "Kulon, Klaudia"]
[Black "Batsiashvili, Nino"]
[Result "0-1"]
[WhiteTitle "IM"]
[BlackTitle "GM"]
[WhiteElo "2345"]
[BlackElo "2447"]
[WhiteFideId "1131044"]
[BlackFideId "13602993"]
[EventDate "2019.12.26"]
[EventType "rapid"]

1. c4 Nf6 2. g3 e5 3. Bg2 Bc5 4. e3 Nc6 5. Nc3 a6 6. Nge2 d6 7. O-O h5 8. d4 Ba7
9. Bxc6+ bxc6 10. dxe5 Ng4 11. exd6 cxd6 12. Nd4 Bd7 13. Ne4 Bb8 14. h4 Qe7 15.
Qc2 Ne5 16. f4 Nxc4 17. b3 d5 18. Nf2 c5 19. bxc4 cxd4 20. exd4 O-O 21. a4 dxc4
22. Qxc4 Ba7 23. Qd3 Rfd8 24. Bb2 Bc6 25. Rac1 Qd7 26. Qxa6 Bxa4 27. Qe2 Bb5 28.
Qxh5 Bxf1 29. Kxf1 Qb7 30. Bc3 Bxd4 31. Bxd4 Rxd4 32. f5 Rda4 33. Qd1 Ra3 34.
Qd6 Qb5+ 35. Kg2 Qxf5 36. Rc4 Qf3+ 37. Kh3 Qxf2 38. h5 Qf1+ 39. Kh4 Qxc4+ 0-1

[Event "World Rapid Women 2019"]
[Site "Moscow RUS"]
[Date "2019.12.26"]
[Round "4.20"]
[White "Buksa, Nataliya"]
[Black "Sargsyan, Anna M."]
[Result "1-0"]
[WhiteTitle "IM"]
[BlackTitle "WIM"]
[WhiteElo "2403"]
[BlackElo "2382"]
[WhiteFideId "14123622"]
[BlackFideId "13308130"]
[EventDate "2019.12.26"]
[EventType "rapid"]

1. e4 c6 2. d4 d5 3. Nc3 dxe4 4. Nxe4 Bf5 5. Ng3 Bg6 6. h4 h6 7. Nf3 e6 8. Ne5
Bh7 9. Bd3 Bxd3 10. Qxd3 Nd7 11. Bf4 Ngf6 12. O-O-O Nd5 13. Bd2 Bd6 14. f4 Qe7
15. Rde1 O-O-O 16. Ne4 Rhf8 17. Rh3 N7f6 18. Nxd6+ Qxd6 19. Qb3 Nc7 20. Rd3 Qd5
21. Qa4 Na6 22. Nxc6 Rd7 23. Rc3 Nc7 24. Qa3 Qd6 25. Nxa7+ Kb8 26. Qxd6 Rxd6 27.
Rxc7 Kxa7 28. Bb4 1-0